[Event "Skovbo GM 2012"]
[Site "Borup Kulturhus"]
[Date "2012.09.16"]
[Round "4.25"]
[White "Christensen, Casper"]
[Black "Jensen, Henrik"]
[Result "0-1"]
[WhiteElo "1995"]
[BlackElo "1612"]
[PlyCount "102"]
[EventDate "2012.??.??"]
[WhiteTeam "BMS Skak"]
[BlackTeam "Skovbo Skakklub"]

1. e4 e5 2. Bc4 Bc5 3. d3 d6 4. c3 Nf6 5. b4 Bb6 6. Bg5 h6 7. Bh4 g5 8. Bg3 Be6
9. Nd2 Qd7 10. a4 a5 11. b5 Qe7 12. h4 gxh4 13. Bxh4 Nbd7 14. Ne2 Qf8 15. Qc2
Qg7 16. O-O-O O-O-O 17. d4 Rdg8 18. Qb3 Bxc4 19. Qxc4 Qg6 20. Ng3 Re8 21. Rde1
Rhg8 22. Nf5 Kb8 23. Qd3 Re6 {(=)} 24. Bg3 Nh5 25. Rh3 Nxg3 26. Rxg3 Qh7 27.
Rh1 Rxg3 28. Qxg3 Rg6 29. Qe3 Rxg2 30. Rxh6 Qg8 31. Ng3 Rg1+ 32. Kb2 f6 33. Qd3
exd4 34. cxd4 Ka7 35. Nf3 Rg2 36. Qf1 Qg7 37. Rh4 Rxg3 38. fxg3 Qxg3 39. Qh3
Qf2+ 40. Kc3 Qe3+ 41. Kc2 Nf8 42. Qf1 Ne6 43. Rh2 {(=)} Qxf3 44. Qxf3 Nxd4+ 45.
Kd3 Nxf3 46. Rh6 Ne5+ 47. Kc3 Nd7 48. Rh4 Bc5 49. Rh7 Bb4+ 50. Kd4 Nc5 51. Rxc7
Ne6+ 0-1

[Event "Skovbo GM 2012"]
[Site "Borup Kulturhus"]
[Date "2012.09.16"]
[Round "4.27"]
[White "Wang, Peter"]
[Black "Larsen, Paul M"]
[Result "1-0"]
[WhiteElo "1971"]
[BlackElo "1611"]
[PlyCount "49"]
[EventDate "2012.??.??"]
[WhiteTeam "Næstved Skakklub"]
[BlackTeam "Haslev Skakklub"]

1. e4 c6 2. d4 d5 3. exd5 cxd5 4. c4 dxc4 5. Bxc4 Nf6 6. Nc3 g6 7. Qb3 e6 8.
Bg5 Bg7 9. Ne4 O-O 10. Qf3 Qxd4 11. Nxf6+ Bxf6 12. Qxf6 Qxf6 13. Bxf6 Nd7 14.
Bc3 Nb6 15. Bb3 Bd7 16. Ne2 Bc6 17. O-O Nd5 18. Bxd5 Bxd5 19. Bf6 Bc4 20. Rfe1
Rfe8 21. Nd4 Rac8 22. Nf3 Bb5 23. Rac1 Bc6 24. Ne5 Bd5 25. b3 1-0

[Event "Skovbo GM 2012"]
[Site "Borup Kulturhus"]
[Date "2012.09.16"]
[Round "4.31"]
[White "Mølvig, Julius"]
[Black "Kakulidis, Ellen"]
[Result "1-0"]
[WhiteElo "1904"]
[BlackElo "1366"]
[PlyCount "107"]
[EventDate "2012.??.??"]
[WhiteTeam "Roskilde Skakklub"]
[BlackTeam "Aalborg Skakforening af 1889"]

1. d4 f5 2. Nf3 g6 3. g3 Nf6 4. b3 d5 5. Bg2 Bg7 6. Bb2 c6 7. Nbd2 Nbd7 8. O-O
O-O 9. c4 b6 10. Rc1 Bb7 11. Ng5 Qb8 12. Ne6 Rc8 13. Nxg7 Kxg7 14. f3 f4 15.
Qe1 Re8 16. e4 e5 17. Qf2 exd4 18. Bxd4 dxc4 19. Nxc4 c5 20. Ba1 Ba6 21. Rfd1
Bxc4 22. Rxd7+ Bf7 23. e5 Nxd7 24. e6+ Kf8 25. exd7 Rd8 26. Qb2 Rxd7 27. Qg7+
Ke8 28. Qh8+ Ke7 29. Bf6+ Ke6 30. Bh3+ Kd5 31. Rd1+ Kc6 32. Bxd7+ Kb7 33. Qxb8+
Rxb8 34. Bb5 Be6 35. Re1 Bd5 36. Re7+ Ka8 37. Kf2 fxg3+ 38. hxg3 Rf8 39. Re8+
Rxe8 40. Bxe8 Kb7 41. Bd7 Kc7 42. Bh3 Kc6 43. Bf1 Kd7 44. Be5 Bb7 45. Bc4 Ke7
46. Bb8 a6 47. Ba7 b5 48. Bxc5+ Kf6 49. Bd4+ Kf5 50. Bd3+ Ke6 51. Ke3 Bd5 52.
Be4 Bxe4 53. fxe4 h5 54. Kf4 1-0

[Event "Skovbo GM 2012"]
[Site "Borup Kulturhus"]
[Date "2012.09.16"]
[Round "4.32"]
[White "Jensen, Steen Dahlgård"]
[Black "Larsson, Jørgen"]
[Result "1-0"]
[WhiteElo "1846"]
[BlackElo "1159"]
[PlyCount "105"]
[EventDate "2012.??.??"]
[WhiteTeam "Maribo Skakklub"]
[BlackTeam "Skovbo Skakklub"]

1. Nc3 e5 2. Nf3 Nc6 3. e4 Nf6 4. a3 a6 5. Be2 d5 6. d3 dxe4 7. dxe4 Qxd1+ 8.
Bxd1 Bg4 9. O-O O-O-O 10. Be3 Bxf3 11. Bxf3 h5 12. Rad1 Be7 13. Nd5 Rd7 14. Rd2
Ng4 15. Bxg4 hxg4 16. Rfd1 Bd6 17. c4 Na5 18. c5 Nc4 19. Rc2 Nxe3 20. Nxe3 Bf8
21. Rxd7 Kxd7 22. Nxg4 Ke6 23. Ne3 Be7 24. Nd5 Bd8 25. h3 f5 26. f3 fxe4 27.
fxe4 Rh4 28. Nc3 Be7 29. b4 Kd7 30. Kh2 Rf4 31. Kg1 Bh4 32. Re2 Kc6 {(=)} 33.
Nd5 Rf7 34. Ne3 Kb5 35. Nf5 Bf6 36. Re3 Rd7 37. Kf2 Rd2+ 38. Re2 Rxe2+ 39. Kxe2
Ka4 40. Kd3 Kxa3 41. Kc4 Ka4 42. g4 g6 43. Nh6 Be7 44. Nf7 Bf6 45. g5 Bg7 46.
Nd8 b5+ 47. Kc3 Bf8 48. Ne6 Be7 49. Nxc7 a5 50. bxa5 Kxa5 51. Ne6 Ka4 52. c6
b4+ 53. Kb2 1-0

[Event "Skovbo GM 2012"]
[Site "Borup Kulturhus"]
[Date "2012.09.16"]
[Round "4.33"]
[White "Christensen, Kristen Bjørn"]
[Black "Christensen, Henrik"]
[Result "0-1"]
[WhiteElo "1223"]
[BlackElo "2026"]
[PlyCount "54"]
[EventDate "2012.??.??"]
[WhiteTeam "Ejby Skakklub"]
[BlackTeam "Haslev Skakklub"]

1. e4 c5 2. d4 cxd4 3. c3 dxc3 4. Nxc3 g6 5. Bc4 Nc6 6. Nf3 Bg7 7. O-O d6 8.
Qb3 e6 9. Bf4 Nf6 10. Rad1 O-O 11. Bxd6 Re8 12. Ba3 Qa5 13. Rfe1 a6 14. e5 Ng4
15. Bd6 Ngxe5 16. Nxe5 Nxe5 17. Ne4 b5 18. Bf1 Bb7 19. Nc5 Bd5 20. Rxd5 exd5
21. Re3 Nc4 22. Rxe8+ Rxe8 23. Bf4 Nd2 24. Bxd2 Qxd2 25. Nd3 Bd4 26. Qxd5 Bxf2+
27. Kh1 Qd1 0-1

[Event "Skovbo GM 2012"]
[Site "Borup Kulturhus"]
[Date "2012.09.16"]
[Round "4.35"]
[White "Hein, Jacob"]
[Black "Fredericia, Ellen"]
[Result "1-0"]
[WhiteElo "1490"]
[BlackElo "1196"]
[PlyCount "85"]
[EventDate "2012.??.??"]
[WhiteTeam "Espergærde Skakklub"]
[BlackTeam "Skakklubben K41"]

1. Nf3 e6 2. b3 d5 3. Bb2 Nf6 4. e3 Be7 5. Be2 O-O 6. O-O Nbd7 7. Re1 b6 8. d4
Bb7 9. Bd3 c5 10. c4 dxc4 11. bxc4 Qc7 12. Nbd2 Rfe8 13. Qc2 Rab8 14. Rac1 Qc6
15. e4 Nh5 16. e5 g6 17. Be4 Qc7 18. d5 exd5 19. cxd5 Bf8 20. d6 Qc8 21. Bxb7
Qxb7 22. Re4 f6 23. e6 f5 24. Re3 Ndf6 25. e7 Bg7 26. Rd1 Nd7 27. Qc4+ Kh8 28.
Bxg7+ Nxg7 29. Ng5 h6 30. Nf7+ Kh7 31. Qf4 Nf6 32. Qxh6+ Kg8 33. Qxg6 Nfh5 34.
Ng5 Qxg2+ 35. Kxg2 Nf4+ 36. Kf1 Nxg6 37. Ne6 Nxe6 38. Rxe6 Kf7 39. Rde1 Rb7 40.
Nf3 c4 41. Nd4 b5 42. Nc6 b4 43. Nd8+ 1-0